000
00325nam a2200133Ia 4500
005
20251222154431.0
008
251222s9999||||xx |||||||||||||| ||spa||
020
_a
978-607-15-0849-2
082
_a
547/R33
100
_a
Recio del Bosque, Francisco Higinio
245
0
_a
Química orgánica
250
_a
4a.ed.
942
_c
LIB
999
_c
36409
_d
36409